LEADER 04466nam 2200769 a 450 001 9910830935903321 005 20230320162428.0 010 $a1-78268-669-X 010 $a0-470-69131-X 010 $a1-282-12276-2 010 $a9786612122767 010 $a1-280-93256-2 010 $a9786610932566 010 $a1-4051-7745-4 010 $a0-470-69203-0 010 $a1-4051-8201-6 035 $a(CKB)1000000000341839 035 $a(EBL)306534 035 $a(OCoLC)476085263 035 $a(SSID)ssj0000099416 035 $a(PQKBManifestationID)11122536 035 $a(PQKBTitleCode)TC0000099416 035 $a(PQKBWorkID)10016446 035 $a(PQKB)10387441 035 $a(MiAaPQ)EBC306534 035 $a(MiAaPQ)EBC5120599 035 $a(Au-PeEL)EBL5120599 035 $a(CaONFJC)MIL212276 035 $a(EXLCZ)991000000000341839 100 $a20061103d2007 uy 0 101 0 $aeng 135 $aur|n|---||||| 181 $ctxt 182 $cc 183 $acr 200 00$aAdventures in realism$b[electronic resource] /$fedited by Matthew Beaumont 210 $aMalden, MA ;$aOxford $cBlackwell Pub.$d2007 215 $a1 online resource (302 p.) 225 1 $aConcise Companions to Literature and Culture 300 $aDescription based upon print version of record. 311 $a1-4051-3577-8 320 $aIncludes bibliographical references and index. 327 $aAdventures in Realism; Contents; List of Illustrations; Notes on Contributors; Foreword; Acknowledgments; Introduction: Reclaiming Realism; Chapter 1 Literary Realism Reconsidered: ""The world in its length and breadth""; Chapter 2 Realist Synthesis in the Nineteenth-Century Novel: ""That unity which lies in the selection of our keenest consciousness""; Chapter 3 Space, Mobility, and the Novel: ""The spirit of place is a great reality""; Chapter 4 Naturalism: ""Dirt and horror pure and simple"" 327 $aChapter 5 Realism before and after Photography: ""The fantastical form of a relation among things""Chapter 6 The Realist Aesthetic in Painting: ""Serious and committed, ironic and brutal, sincere and full of poetry""; Chapter 7 Interrupted Dialogues of Realism and Modernism: ""The fact of new forms of life, already born and active""; Chapter 8 Socialist Realism: ""To depict reality in its revolutionary development""; Chapter 9 Realism, Modernism, and Photography: ""At last, at last the mask has been torn away""; Chapter 10 Cinematic Realism: ""A recreation of the world in its own image"" 327 $aChapter 11 The Current of Critical Irrealism: ""A moonlit enchanted night""Chapter 12 Psychoanalysis and the Lacanian Real: ""Strange shapes of the unwarped primal world""; Chapter 13 Feminist Theory and the Return of the Real: ""What we really want most out of realism . . .""; Chapter 14 Realism and Anti-Realism in Contemporary Philosophy: ""What's truth got to do with it?""; Chapter 15 A Note on Literary Realism in Conclusion; Index 330 $aAdventures in Realism offers an accessible introduction to realism as it has evolved since the 19th century. Though focused on literature and literary theory, the significance of technology and the visual arts is also addressed. Comprises 16 newly-commissioned essays written by a distinguished group of contributors, including Slavoj Zizek and Frederic Jameson Provides the historical, cultural, intellectual, and literary contexts necessary to understand developments in realism Addresses the artistic mediums and technologies such as painting and film that h 410 0$aConcise Companions to Literature and Culture 606 $aEnglish literature$y19th century$xHistory and criticism 606 $aEnglish literature$y20th century$xHistory and criticism 606 $aArt and literature$zGreat Britain$xHistory$y19th century 606 $aVisual perception in literature 606 $aRealism in literature 615 0$aEnglish literature$xHistory and criticism. 615 0$aEnglish literature$xHistory and criticism. 615 0$aArt and literature$xHistory 615 0$aVisual perception in literature. 615 0$aRealism in literature. 676 $a809.912 676 $a820.9/12 701 $aBeaumont$b Matthew$f1972-$0976088 801 0$bMiAaPQ 801 1$bMiAaPQ 801 2$bMiAaPQ 906 $aBOOK 912 $a9910830935903321 996 $aAdventures in realism$92877087 997 $aUNINA LEADER 03250nam 2200709Ia 450 001 9910816356003321 005 20200520144314.0 010 $a9786612026324 010 $a9781282026322 010 $a1282026321 010 $a9781444306248 010 $a1444306243 010 $a9781444306255 010 $a1444306251 035 $a(CKB)1000000000724609 035 $a(EBL)437555 035 $a(OCoLC)351551773 035 $a(SSID)ssj0000133127 035 $a(PQKBManifestationID)11132082 035 $a(PQKBTitleCode)TC0000133127 035 $a(PQKBWorkID)10045066 035 $a(PQKB)10922720 035 $a(MiAaPQ)EBC437555 035 $a(Au-PeEL)EBL437555 035 $a(CaPaEBR)ebr10300838 035 $a(CaONFJC)MIL202632 035 $a(Perlego)2756359 035 $a(EXLCZ)991000000000724609 100 $a20080729d2009 uy 0 101 0 $aeng 135 $aur|n|---||||| 181 $ctxt$2rdacontent 182 $cc$2rdamedia 183 $acr$2rdacarrier 200 10$aCrying shame $emetaculture, modernity, and the exaggerated death of lament /$fJames M. Wilce 205 $a1st ed. 210 $aMalden, MA ;$aOxford $cWiley-Blackwell$d2009 215 $a1 online resource (xv, 274 pages) $cillustrations 311 0 $a9781405169929 311 0 $a1405169923 320 $aIncludes bibliographical references (p. [222]-252) and index. 327 $aAcknowledgments; Preface; 1 Introduction; Part I Locating Lament as Object; Introduction; 2 For Crying Out Loud: What is Lament Anyway?; 3 Lament and Emotion; 4 Antiquity, Metaculture, and the Control of Lament; Part II Losing Lament: Modernity as Loss; Introduction; 5 Cultural Amnesia and the Objectification of Lament in Bangladesh; 6 Modern Transformations; 7 How Shame Spreads in Modernity; 8 Crying Backward: Primitivist Representations of Lament; Part III Reviving Lament: Lament as Key Trope of Modernity; Introduction; 9 Mourning Becomes the Electron's Age: Lamenting Modernity(ies); 10 Lament's (Post)Modern Vertigo: Floating in a Deterritorialized Media Sea; 11 Lament in a Postmodern World of "Revivals"; 12 Conclusion; Notes; References; Index 330 $aBuilding on ethnographic fieldwork and extensive historical evidence, Crying Shame analyzes lament across thousands of years and nearly every continent. Explores the enduring power of lament: expressing grief through crying songs, often in a collective ritual context Draws on the author's extensive ethnographic fieldwork, and unique long-term engagement and participation in the phenomenon Offers a startling new perspective on the nature of modernity and postmodernity An important addition to growing literature on cultural globalization 606 $aCrying 606 $aLaments 606 $aMourning customs 606 $aWeepers (Mourners) 615 0$aCrying. 615 0$aLaments. 615 0$aMourning customs. 615 0$aWeepers (Mourners) 676 $a306.44 676 $a393.9 676 $a393/.9 700 $aWilce$b James MacLynn$f1953-$01596249 801 0$bMiAaPQ 801 1$bMiAaPQ 801 2$bMiAaPQ 906 $aBOOK 912 $a9910816356003321 996 $aCrying shame$93994523 997 $aUNINA